[Event "Northumbria Masters 2018"]
[Site "Newcastle ENG"]
[Date "2018.02.17"]
[Round "7.12"]
[White "Longson, Alexander"]
[Black "Townsend, M Paul"]
[Result "1/2-1/2"]
[WhiteTitle "FM"]
[WhiteElo "2307"]
[BlackElo "2214"]
[WhiteFideId "408093"]
[BlackFideId "402320"]
[EventDate "2018.02.14"]

1. e4 e6 2. d4 d5 3. Nd2 c5 4. c3 cxd4 5. cxd4 dxe4 6. Nxe4 Bb4+ 7. Nc3 Nc6 8.
Nf3 Nf6 9. Bd3 O-O 10. O-O b6 11. a3 Be7 12. Re1 Bb7 13. Bc2 Rc8 14. Qd3 g6 15.
Bh6 Re8 16. Rad1 Nd5 17. Nxd5 Qxd5 18. Bb3 Qh5 19. Bd2 Bf6 20. Ba2 Rcd8 21. Bc3
Ne7 22. Ne5 Bxe5 23. Rxe5 Qxe5 24. dxe5 Rxd3 25. Rxd3 Bd5 26. b3 Rc8 27. f3 a5
28. a4 Nc6 29. Re3 Nb4 30. Bb1 Na6 31. Bc2 Nc5 32. Bd4 Nxa4 33. bxa4 Rxc2 34.
Bxb6 Ra2 35. Bxa5 Rxa4 36. Bd8 Kf8 37. Rc3 Ke8 38. Bg5 Kd7 39. Kf2 Ra2+ 40. Kg3
Bc6 41. Rb3 Kc7 42. Be7 Kd7 43. Bc5 Ra5 44. Rc3 1/2-1/2

[Event "Northumbria Masters 2018"]
[Site "Newcastle ENG"]
[Date "2018.02.17"]
[Round "7.13"]
[White "Pritchett, Craig W"]
[Black "Player, Edmund C"]
[Result "1/2-1/2"]
[WhiteTitle "IM"]
[WhiteElo "2275"]
[BlackElo "2172"]
[WhiteFideId "2400065"]
[BlackFideId "406520"]
[EventDate "2018.02.14"]

1. Nf3 d5 2. b3 c5 3. e3 Nc6 4. Bb5 Qb6 5. c4 Bd7 6. Nc3 dxc4 7. bxc4 e6 8. O-O
Nf6 9. d4 cxd4 10. exd4 Bb4 11. Qb3 O-O 12. Na4 Qa5 13. Rb1 Bd6 14. c5 Be7 15.
Nc3 Qc7 16. Bd3 Na5 17. Qc2 b6 18. Ne4 h6 19. Nxf6+ Bxf6 20. Bh7+ Kh8 21. cxb6
Qxc2 22. Bxc2 axb6 23. Rxb6 Nc4 24. Rb4 Rfc8 25. Bd3 Nd6 26. Ne5 Be8 27. a3 Be7
28. Rb1 Kg8 29. Bb2 f6 30. Nf3 Nc4 31. Bxc4 Rxc4 32. Rfc1 Rac8 33. Rxc4 Rxc4 34.
Rc1 Rxc1+ 35. Bxc1 Bb5 36. Ne1 Kf7 37. f3 Bd8 38. Kf2 Ba5 39. Nc2 Ba4 40. Nb4
Bxb4 41. axb4 Ke7 42. Ke3 Kd6 43. b5 Bxb5 44. Ba3+ Kd5 45. Bf8 g5 46. Bxh6 e5
47. dxe5 Kxe5 48. h4 Bf1 49. g4 1/2-1/2

[Event "Northumbria Masters 2018"]
[Site "Newcastle ENG"]
[Date "2018.02.17"]
[Round "7.14"]
[White "Abdulla, Murad"]
[Black "Izod, Chris"]
[Result "1-0"]
[WhiteTitle "FM"]
[WhiteElo "2260"]
[BlackElo "1882"]
[WhiteFideId "2403757"]
[BlackFideId "429716"]
[EventDate "2018.02.14"]

1. e4 e6 2. d3 c5 3. Nf3 Nc6 4. g3 Nf6 5. Bg2 Be7 6. O-O O-O 7. Qe2 d5 8. e5 Nd7
9. c4 d4 10. h4 Qc7 11. Bf4 Rb8 12. Nbd2 b5 13. Rac1 Ba6 14. b3 Rfc8 15. Rfe1
Rb6 16. Ne4 Qd8 17. h5 h6 18. g4 bxc4 19. dxc4 Bb7 20. Kh2 Qc7 21. Nd6 Ncxe5 22.
Nxc8 Nxg4+ 23. Kg3 Qxc8 24. Kxg4 e5 25. Kh3 Bd6 26. Bg3 e4 27. Bxd6 Rxd6 28. Nd2
Ne5+ 29. Kh2 d3 30. Qd1 Nf3+ 31. Nxf3 exf3 32. Bh3 f5 33. Qd2 Be4 34. Rxe4 1-0

[Event "Northumbria Masters 2018"]
[Site "Newcastle ENG"]
[Date "2018.02.17"]
[Round "7.15"]
[White "Tavoularis, Nicholas"]
[Black "Britton, Richard L"]
[Result "0-1"]
[BlackTitle "FM"]
[WhiteElo "2168"]
[BlackElo "2255"]
[WhiteFideId "4205596"]
[BlackFideId "401692"]
[EventDate "2018.02.14"]

1. e4 c5 2. Nf3 d6 3. c3 Nf6 4. h3 g6 5. Bd3 Bg7 6. O-O O-O 7. Bc2 Nc6 8. d4 b6
9. Re1 cxd4 10. cxd4 Nb4 11. Bb3 Ba6 12. e5 dxe5 13. dxe5 Qxd1 14. Rxd1 Ne4 15.
Be3 Rad8 16. Nbd2 Nxd2 17. Bxd2 Nd3 18. Bc3 Nc5 19. Nd4 Bxe5 20. Nc6 Rxd1+ 21.
Rxd1 Bxc3 22. Nxe7+ Kg7 23. bxc3 Bb7 24. Bd5 Rd8 25. Re1 Rxd5 26. Nxd5 Bxd5 27.
f3 Kf6 28. Rd1 Bxa2 29. Ra1 Bc4 30. Rxa7 b5 31. Ra1 Nd3 32. g3 Ke5 33. Kg2 h5
34. h4 Kd5 35. Ra7 Kc5 36. g4 Nb2 37. Ra3 Nd1 38. Kg3 Bd5 39. gxh5 gxh5 40. Kf4
Kc4 41. Kg5 Bxf3 42. Ra7 Nxc3 43. Rxf7 Bd1 44. Rc7+ Kb3 45. Rd7 Bg4 46. Rd4 b4
47. Rxg4 hxg4 48. Kxg4 Nd5 49. Kf5 Kc4 50. h5 b3 0-1

[Event "Northumbria Masters 2018"]
[Site "Newcastle ENG"]
[Date "2018.02.17"]
[Round "7.16"]
[White "White, Stuart A"]
[Black "Bukojemski, Adam"]
[Result "1-0"]
[WhiteElo "2107"]
[BlackElo "2222"]
[WhiteFideId "407747"]
[BlackFideId "1114620"]
[EventDate "2018.02.14"]

1. d4 Nf6 2. c4 g6 3. Nc3 Bg7 4. e4 O-O 5. Nf3 c6 6. Be2 d5 7. e5 Ne8 8. h4 Bg4
9. Ng5 Bxe2 10. Qxe2 dxc4 11. Be3 c5 12. O-O-O cxd4 13. Rxd4 Qa5 14. Rd5 Qa6 15.
h5 h6 16. Nge4 Nc7 17. hxg6 Qxg6 18. Rc5 Nc6 19. f4 Ne6 20. Rxc4 Rfd8 21. g4
Ned4 22. Qf2 b5 23. f5 Nxe5 24. Rxd4 Rxd4 25. fxg6 Nd3+ 26. Kb1 Nxf2 27. gxf7+
Kf8 28. Nxf2 Rc4 29. Bxh6 b4 30. Nce4 Bxh6 31. Rxh6 Kxf7 32. Rh7+ Ke6 33. g5
Rac8 34. Rh1 Kf5 35. Re1 a5 36. Nd2 Rc2 37. Nfe4 a4 38. b3 axb3 39. axb3 Kg6 40.
Nc4 Rh2 41. Ned2 Rf8 42. Nf3 Rh3 43. Rxe7 Rg3 44. Nce5+ Kf5 45. g6 1-0

[Event "Northumbria Masters 2018"]
[Site "Newcastle ENG"]
[Date "2018.02.17"]
[Round "7.17"]
[White "Moreby, James"]
[Black "Greet, Andrew N"]
[Result "0-1"]
[BlackTitle "IM"]
[WhiteElo "2112"]
[BlackElo "2458"]
[WhiteFideId "427756"]
[BlackFideId "405817"]
[EventDate "2018.02.14"]

1. c4 e6 2. Nc3 d5 3. e3 Nf6 4. Nf3 b6 5. cxd5 exd5 6. b3 Bb7 7. Bb2 Nbd7 8. Be2
Bd6 9. Rc1 a6 10. O-O O-O 11. Qc2 Re8 12. Rfd1 Qe7 13. d4 c6 14. Bd3 Ne4 15. Ne2
f5 16. Ng3 g6 17. Nd2 h5 18. Ngxe4 fxe4 19. Be2 Rf8 20. f4 g5 21. g3 gxf4 22.
gxf4 Nf6 23. Kh1 Kh8 24. Rg1 Rg8 25. Rcf1 Ng4 26. Bxg4 hxg4 27. Rf2 Raf8 28. Nf1
Rg6 29. Ng3 Kg8 30. Rgg2 Rf7 31. Kg1 a5 32. Qc1 Kf8 33. Rc2 Qd7 34. Ba3 Ke8 35.
Bxd6 Qxd6 36. Rgf2 Kd8 37. a3 Rh6 38. Qb2 Ba6 39. Rg2 Kc7 40. b4 axb4 41. Qxb4
Bd3 42. Rb2 Qxb4 43. axb4 Rh8 44. Ra2 Kd6 45. Nh1 Bc4 46. Ra1 Rg7 47. Ng3 Ke6
48. Rc2 Bb5 49. Rca2 Rgh7 50. Rb2 Bc4 51. Rd2 Rb7 52. Rc2 Bb5 53. Rca2 Rbh7 54.
Rb2 Rc7 55. Rc2 Bd3 56. Rb2 Rhh7 57. Ra8 Ra7 58. Ra2 Rxa2 59. Rxa2 Rc7 60. Ra8
c5 61. bxc5 bxc5 62. dxc5 Rxc5 63. Rg8 Rc1+ 64. Kf2 Rc2+ 65. Kg1 Rc1+ 66. Kf2
Rc2+ 67. Kg1 Be2 68. f5+ Kf7 69. Rb8 Bf3 70. Rb7+ Kf8 71. Rb8+ Ke7 72. Rb7+ Ke8
73. Nh5 Rg2+ 74. Kf1 Rxh2 75. Ng7+ Kd8 76. f6 g3 77. f7 Rh1# 0-1

[Event "Northumbria Masters 2018"]
[Site "Newcastle ENG"]
[Date "2018.02.17"]
[Round "7.18"]
[White "Storey, Charles H"]
[Black "Kalaiyalahan, Akshaya"]
[Result "0-1"]
[WhiteTitle "FM"]
[BlackTitle "FM"]
[WhiteElo "2262"]
[BlackElo "2136"]
[WhiteFideId "406686"]
[BlackFideId "422894"]
[EventDate "2018.02.14"]

1. g3 Nf6 2. Bg2 g6 3. c4 Bg7 4. Nc3 O-O 5. d4 d6 6. e4 Nbd7 7. f4 c5 8. d5 Nb6
9. Qd3 e6 10. Nge2 exd5 11. cxd5 a6 12. h3 c4 13. Qc2 Nbd7 14. Be3 Qc7 15. Nd1
Re8 16. Bd2 Nc5 17. Nf2 b5 18. g4 Qe7 19. e5 Bb7 20. Nc3 dxe5 21. f5 e4 22. Bg5
Nd3+ 23. Kf1 Nxg4 24. Qd2 f6 25. Nxg4 fxg5 26. f6 Bxf6 27. Bxe4 Rf8 28. Bf3 Bxc3
29. Nh6+ Kg7 30. Qxc3+ Kxh6 31. Kg2 Qe5 32. h4 Qxc3 33. bxc3 g4 0-1

[Event "Northumbria Masters 2018"]
[Site "Newcastle ENG"]
[Date "2018.02.17"]
[Round "7.19"]
[White "Kane, Robert"]
[Black "Asenov, Pavel"]
[Result "0-1"]
[WhiteElo "1900"]
[BlackElo "2187"]
[WhiteFideId "420468"]
[BlackFideId "433705"]
[EventDate "2018.02.14"]

1. d4 Nf6 2. c4 e6 3. Nc3 Bb4 4. e3 O-O 5. a3 Bxc3+ 6. bxc3 d5 7. Nf3 c5 8. cxd5
exd5 9. Bd3 Nc6 10. Nd2 Re8 11. O-O Ne4 12. f3 Nxc3 13. Qc2 cxd4 14. Nb3 Qb6 15.
exd4 Nxd4 16. Nxd4 Qxd4+ 17. Kh1 Nd1 18. Bxh7+ Kh8 19. Rxd1 Qxa1 20. Qa4 Bg4 21.
Qc2 Rac8 22. Qd2 Qc3 0-1

[Event "Northumbria Masters 2018"]
[Site "Newcastle ENG"]
[Date "2018.02.17"]
[Round "7.20"]
[White "Longson, Sarah N"]
[Black "Gayson, Peter M"]
[Result "1/2-1/2"]
[WhiteTitle "WFM"]
[WhiteElo "2124"]
[BlackElo "2151"]
[WhiteFideId "2501465"]
[BlackFideId "401838"]
[EventDate "2018.02.14"]

1. e4 c5 2. Nf3 e6 3. g3 d5 4. exd5 exd5 5. d4 Nf6 6. Bg2 Be7 7. O-O O-O 8. Nc3
Nc6 9. Be3 Bg4 10. Qd2 Ne4 11. Nxe4 dxe4 12. Ne5 cxd4 13. Nxc6 dxe3 14. Nxe7+
Qxe7 15. Qxe3 Rfe8 16. Rae1 Qb4 17. Qf4 Bd7 18. Bxe4 Qxb2 19. Rb1 Qxa2 20. Rxb7
Be6 21. Rfb1 Rad8 22. Bc6 Rf8 23. Qa4 a6 24. Qxa2 Bxa2 25. Ra1 Bc4 26. Rb4 Be2
27. c4 Rb8 28. Rxb8 Rxb8 29. Bd5 g5 30. Kg2 Rc8 31. Rc1 g4 32. c5 Kf8 33. f3
Bxf3+ 34. Bxf3 gxf3+ 35. Kxf3 Ke7 36. Ke4 Ke6 37. g4 h6 38. Rc2 Rg8 39. h3 Kd7
40. Rf2 Ke6 41. Rd2 h5 42. Rd6+ Ke7 43. gxh5 Rg5 44. Rd5 Rg3 45. Rd3 Rg5 46. Rd5
Rg3 47. Rd6 Rxh3 48. h6 f6 49. Rxa6 Rxh6 50. Kd5 Kd7 51. Ra7+ Kd8 52. Rf7 f5 53.
Rxf5 Kc7 54. Rf7+ Kc8 55. Re7 Kd8 56. Re6 1/2-1/2

[Event "Northumbria Masters 2018"]
[Site "Newcastle ENG"]
[Date "2018.02.17"]
[Round "7.21"]
[White "Dalton, Joseph"]
[Black "Han, Yichen"]
[Result "1-0"]
[WhiteElo "2045"]
[BlackElo "1998"]
[WhiteFideId "427713"]
[BlackFideId "1054430"]
[EventDate "2018.02.14"]

1. d4 Nf6 2. Nf3 g6 3. Nc3 d5 4. Bf4 Bg7 5. e3 c6 6. Be2 Nbd7 7. Ne5 O-O 8. Qd2
Re8 9. h4 h5 10. O-O-O Nxe5 11. Bxe5 b5 12. f3 Qa5 13. g4 b4 14. Nb1 Qxa2 15.
gxh5 Nxh5 16. Bxg7 Kxg7 17. Qxb4 Ng3 18. Nc3 Nxe2+ 19. Nxe2 Bf5 20. h5 Rab8 21.
Qa3 Qc4 22. Nc3 Rb6 23. Qa4 Rxb2 24. Kxb2 Rb8+ 25. Qb3 Rb4 26. Rd2 Bxc2 27. Qxb4
Qxb4+ 28. Kxc2 c5 29. hxg6 fxg6 30. Rb1 Qc4 31. Rb7 cxd4 32. Rxe7+ Kg8 33. Rxd4
Qf1 34. Rb4 Qg2+ 35. Kd3 Qg3 36. Rbb7 Kf8 37. Rec7 1-0

[Event "Northumbria Masters 2018"]
[Site "Newcastle ENG"]
[Date "2018.02.17"]
[Round "7.22"]
[White "Zhang, Zheming"]
[Black "Dunn, Alan"]
[Result "1/2-1/2"]
[WhiteElo "1900"]
[BlackElo "2046"]
[WhiteFideId "430757"]
[BlackFideId "4300858"]
[EventDate "2018.02.14"]

1. e4 c5 2. Nc3 Nc6 3. Bb5 Nd4 4. Bc4 g6 5. Nge2 Bg7 6. Nxd4 cxd4 7. Ne2 e6 8.
d3 Ne7 9. Bb3 Nc6 10. O-O O-O 11. f4 d6 12. Qe1 Bd7 13. Qg3 Na5 14. Bd2 Nxb3 15.
axb3 Qb6 16. f5 Rac8 17. f6 Bh8 18. Rac1 e5 19. Qg5 Rc6 20. Rf3 Rfc8 21. Rcf1
Rxc2 22. g4 Rxd2 23. Qxd2 Bxg4 24. R3f2 Bxe2 25. Rxe2 Qxb3 26. Ref2 h5 27. Rg2
Kh7 28. Qd1 Qxd1 29. Rxd1 Rc6 30. Rf2 g5 31. Rff1 Kg6 32. Rc1 Bxf6 33. Rxc6 bxc6
34. Ra1 Be7 35. Rxa7 Kf6 36. b4 Ke6 37. Rc7 c5 38. b5 Bd8 39. Rc6 Kd7 40. Kf2 g4
41. Kg2 Bg5 42. Ra6 Kc7 43. Rc6+ Kd7 44. Ra6 1/2-1/2

[Event "Northumbria Masters 2018"]
[Site "Newcastle ENG"]
[Date "2018.02.17"]
[Round "7.23"]
[White "Nandi, Robin J"]
[Black "Spanton, Tim R"]
[Result "1-0"]
[WhiteElo "1815"]
[BlackElo "1901"]
[WhiteFideId "434604"]
[BlackFideId "404802"]
[EventDate "2018.02.14"]

1. e4 e5 2. Nf3 Nc6 3. Bb5 Nf6 4. O-O Nxe4 5. d4 Nd6 6. Bxc6 dxc6 7. dxe5 Nf5 8.
Qxd8+ Kxd8 9. Nc3 Be7 10. h3 Nh4 11. Nxh4 Bxh4 12. Bf4 Bf5 13. Rad1+ Kc8 14. Rd2
Be7 15. g4 Be6 16. Ne4 h5 17. f3 hxg4 18. hxg4 Bb4 19. Rh2 Rxh2 20. Kxh2 Kd7 21.
Rd1+ Ke8 22. Kg3 Kf8 23. Bg5 Bd5 24. Rh1 Kg8 25. Nf6+ gxf6 26. Bxf6 Be1+ 27. Kg2 1-0

[Event "Northumbria Masters 2018"]
[Site "Newcastle ENG"]
[Date "2018.02.17"]
[Round "7.24"]
[White "Turner, Max N"]
[Black "Younger, Mark"]
[Result "1-0"]
[WhiteElo "1933"]
[BlackElo "1720"]
[WhiteFideId "447722"]
[BlackFideId "454354"]
[EventDate "2018.02.14"]

1. d4 d5 2. c4 e6 3. cxd5 exd5 4. Nc3 Bf5 5. Qb3 Nf6 6. Qxb7 Nbd7 7. e3 Be7 8.
Nf3 O-O 9. Be2 Nb6 10. Qa6 Ne4 11. O-O Qd6 12. a4 c6 13. Qa5 h5 14. Nxe4 Bxe4
15. Qd2 Nd7 16. Ne1 h4 17. h3 Bd8 18. Bd3 Bc7 19. f4 Nf6 20. b3 Rfe8 21. Qf2 Bd8
22. Qxh4 Bxd3 23. Nxd3 Ne4 24. Qe1 Qh6 25. Bd2 Bh4 26. Qd1 Ng3 27. Rf3 Ne4 28.
Rc1 Re6 29. Ne5 Rd8 30. Be1 Be7 31. f5 Red6 32. Bb4 c5 33. Bxc5 Nxc5 34. Rxc5
Rb6 35. Rc7 Qd6 36. Qc2 1-0

[Event "Northumbria Masters 2018"]
[Site "Newcastle ENG"]
[Date "2018.02.18"]
[Round "8.2"]
[White "Raetsky, Alexander"]
[Black "Nasuta, Grzegorz"]
[Result "1/2-1/2"]
[WhiteTitle "GM"]
[BlackTitle "IM"]
[WhiteElo "2362"]
[BlackElo "2454"]
[WhiteFideId "4103203"]
[BlackFideId "1141686"]
[EventDate "2018.02.14"]

1. d4 d5 2. c4 c6 3. Nf3 Nf6 4. Qc2 dxc4 5. Qxc4 Bg4 6. Nc3 Nbd7 7. e4 e5 8.
Nxe5 Nxe5 9. dxe5 Be6 10. Qa4 Ng4 11. Be2 Nxe5 12. O-O Bc5 13. Bf4 Ng6 14. Rad1
Qe7 15. Bg3 O-O 16. Kh1 Rad8 17. h3 b5 18. Qc2 Bd4 19. f4 f5 20. Bd3 Qc5 21.
exf5 Bxf5 22. Bxf5 Qxf5 23. Qxf5 Rxf5 24. Ne2 Bb6 25. Rxd8+ Bxd8 26. Nd4 Rf6 27.
Rc1 Bb6 28. Nxc6 Nxf4 29. Ne5 Ne2 30. Rc8+ Rf8 31. Rxf8+ Kxf8 32. Bh4 Ke8 33. g4
Nf4 34. Be1 Nxh3 35. Bd2 Nf2+ 36. Kg2 Ne4 37. Be1 Ke7 38. b3 Ke6 39. Nd3 Kd5 40.
a4 bxa4 41. bxa4 a5 42. Nf4+ Ke5 43. Nd3+ Kd5 44. Nf4+ Ke5 45. Nd3+ Kd6 46. Nf4
Nc5 47. Nh5 g6 48. Nf6 Nxa4 49. Nxh7 Ke7 50. Ng5 Nc5 51. Nf3 Nd3 52. Bc3 Ke6 53.
Nh4 Ne5 54. Kg3 a4 55. Kf4 Nd3+ 56. Ke4 Nf2+ 57. Kf3 Kf7 58. Ng2 Nd1 59. Ba1 Ba5
60. Ke2 Bc3 61. Bxc3 Nxc3+ 62. Kd3 Nd5 63. g5 a3 64. Kc2 Nb4+ 65. Kb3 a2 66. Kb2
Kf8 67. Nf4 Kf7 68. Ka1 1/2-1/2

[Event "Northumbria Masters 2018"]
[Site "Newcastle ENG"]
[Date "2018.02.18"]
[Round "8.4"]
[White "Gormally, Daniel W"]
[Black "Eggleston, David J"]
[Result "1/2-1/2"]
[WhiteTitle "GM"]
[BlackTitle "IM"]
[WhiteElo "2483"]
[BlackElo "2409"]
[WhiteFideId "406465"]
[BlackFideId "412120"]
[EventDate "2018.02.14"]

1. d4 Nf6 2. Nf3 b6 3. c4 e6 4. g3 Bb7 5. Bg2 Be7 6. O-O O-O 7. Nc3 d5 8. cxd5
exd5 9. Ne5 Na6 10. b3 c5 11. Bb2 Nc7 12. Rc1 Ne6 13. e3 Re8 14. Qd3 cxd4 15.
exd4 Rc8 16. Rfe1 Bf8 17. Re2 Ng5 18. f3 a6 19. Rec2 Ne6 20. Kh1 b5 21. Bh3 Qb6
22. Ne2 Rxc2 23. Rxc2 b4 24. Qd2 a5 25. Qc1 Bd6 26. Bxe6 Rxe6 27. Kg2 Re8 28.
Nf4 a4 29. bxa4 Qa6 30. Nfd3 Qxa4 31. Nc5 Qb5 32. Nxb7 Qxb7 33. Rc6 Bf8 34. Rc7
Qa6 35. Rxf7 Qxa2 36. Kh3 Qa6 37. Rc7 Qb5 38. Kg2 b3 39. Ba3 Bxa3 40. Rxg7+ Kxg7
41. Qg5+ Kf8 42. Qxf6+ Kg8 43. Qg5+ Kf8 44. Qf6+ 1/2-1/2

[Event "Northumbria Masters 2018"]
[Site "Newcastle ENG"]
[Date "2018.02.18"]
[Round "8.8"]
[White "Hunt, Adam C"]
[Black "Macklin, Paul"]
[Result "1/2-1/2"]
[WhiteTitle "IM"]
[WhiteElo "2416"]
[BlackElo "2307"]
[WhiteFideId "403970"]
[BlackFideId "455865"]
[EventDate "2018.02.14"]

1. e4 g6 2. d4 Bg7 3. Nc3 c6 4. Nf3 d6 5. Be3 Nf6 6. h3 O-O 7. Qd2 Nbd7 8. O-O-O
b5 9. Bd3 e5 10. Bh6 Bb7 11. Bxg7 Kxg7 12. dxe5 dxe5 13. g4 Qe7 14. g5 Nh5 15.
Bxb5 Rfd8 16. Bd3 Nc5 17. Qe3 Nf4 18. Bc4 Ng2 19. Qe2 Nf4 20. Qe1 Rxd1+ 21. Nxd1
Rd8 22. Nc3 Bc8 23. h4 Bg4 24. Nd2 Rd4 25. Rg1 Qd7 26. f3 Be6 27. Bxe6 Qxe6 28.
Qf1 a5 29. Nb3 Nxb3+ 30. axb3 Rb4 31. Qa6 Qd6 32. Rd1 Rd4 33. Qf1 Qc5 34. Ne2
Rxd1+ 35. Kxd1 Qd6+ 36. Kc1 Ne6 37. Qe1 Qc5 38. Qg3 Qe3+ 39. Kd1 f6 40. Qg4 Kf7
41. gxf6 h5 42. Qg3 Kxf6 43. Qg2 g5 44. Qg3 gxh4 45. Qxh4+ Ng5 46. f4 exf4 47.
Nxf4 Qd4+ 48. Kc1 Qg1+ 49. Kd2 Ke5 50. Nd3+ Ke6 51. Qf4 h4 52. Qf5+ Ke7 53. e5
Qg2+ 54. Kc3 h3 55. Qf6+ Ke8 56. Qh8+ Ke7 57. Qf6+ Ke8 58. Qh8+ Ke7 59. Qf6+ 1/2-1/2

[Event "Northumbria Masters 2018"]
[Site "Newcastle ENG"]
[Date "2018.02.18"]
[Round "8.9"]
[White "Britton, Richard L"]
[Black "Hebden, Mark L"]
[Result "1/2-1/2"]
[WhiteTitle "FM"]
[BlackTitle "GM"]
[WhiteElo "2255"]
[BlackElo "2454"]
[WhiteFideId "401692"]
[BlackFideId "400084"]
[EventDate "2018.02.14"]

1. e4 e5 2. Nf3 Nc6 3. Bb5 a6 4. Ba4 Nf6 5. O-O Be7 6. Re1 b5 7. Bb3 O-O 8. c3
d6 9. h3 Nb8 10. d4 Nbd7 11. Nbd2 Bb7 12. Bc2 Re8 13. Nf1 Bf8 14. Ng3 g6 15. a4
c5 16. d5 c4 17. Bg5 Nc5 18. Qd2 Be7 19. Be3 Qc7 20. Rf1 bxa4 21. Bxc5 Qxc5 22.
Rxa4 a5 23. Rfa1 Nd7 24. h4 Qc7 25. h5 Nc5 26. R4a3 Reb8 27. Qc1 Bc8 28. Nf1 Bg4
29. N1h2 Bd7 30. Nf1 a4 31. Ne3 Bb5 32. g3 Qd8 33. Kg2 Rb7 34. Qd2 Rab8 35. Rh1
Qc8 36. Raa1 Bd7 37. hxg6 fxg6 38. Nxc4 Bg4 39. Ne1 Nxe4 40. Bxe4 Qxc4 41. Qd3
Qxd3 42. Nxd3 Bd7 43. Nb4 Rxb4 44. cxb4 Rxb4 45. Bc2 Rxb2 46. Bxa4 Bf5 47. Rhe1
Bg5 48. Bd1 Bd2 49. Ra8+ Kg7 50. Ra7+ Kf6 51. Re2 Bd3 52. Rxh7 Bxe2 53. Bxe2 e4
54. Rh4 Ke5 55. f3 exf3+ 56. Kxf3 Kxd5 57. Bc4+ Kc5 58. Bd3 Be1 59. Rc4+ Kd5 60.
Rc2 Rb3 61. Ke2 Ke5 62. Bxg6 Bxg3 63. Rd2 Bf4 64. Rd5+ Ke6 65. Rd3 Rb8 66. Be4
Rf8 67. Bd5+ Ke5 68. Kd1 Rc8 69. Ke2 Rc2+ 70. Kd1 Rh2 71. Bc6 Kf5 72. Bd5 Rb2
73. Bf3 Be5 74. Bd5 Rb4 75. Rf3+ Kg4 76. Rd3 Bd4 77. Rf3 Bc5 78. Kc2 Ra4 79. Rf1
Ra3 80. Bb3 Be3 81. Bd5 Bf4 82. Rd1 Kf5 83. Rd3 Ra5 84. Bf3 Ra1 85. Kb2 Re1 86.
Kb3 Rc1 87. Kb2 Rc5 88. Kb3 Be5 89. Bd5 Bf6 90. Bg2 Ke5 91. Bh1 Rc1 92. Bg2 Bd8
93. Bf3 Bb6 94. Rd1 Rc5 95. Bg2 Ra5 96. Kb4 Ra2 97. Bh1 Re2 98. Rd5+ Ke6 99. Rd1
Be3 100. Kc4 Bf2 101. Bf3 Ra2 102. Bh1 Ra4+ 103. Kb5 Rh4 104. Bd5+ Ke5 105. Bg2
Rh8 106. Rd5+ Ke6 107. Rd2 Bg3 108. Rd3 Bf4 109. Bf3 Rb8+ 110. Kc4 Rc8+ 111. Kb3
Rc5 112. Bg2 Ke5 113. Bf3 Bh2 114. Bg2 Bg1 115. Rd1 Bd4 116. Re1+ Kf6 117. Rd1
Be5 118. Rd3 Rc1 119. Bd5 Rg1 120. Rf3+ Kg5 121. Rd3 Rg4 122. Bf3 Rh4 123. Bd5
Bd4 124. Rf3 Bc5 125. Rd3 Kf5 126. Bg2 Bd4 127. Rd1 Ke6 128. Re1+ Kd7 129. Rh1
Rf4 130. Rh7+ Ke6 131. Rh6+ Bf6 132. Rh5 Rd4 133. Bh3+ Kf7 134. Rh7+ Kf8 135.
Be6 Be5 136. Kc2 Bg7 137. Rh3 Ke7 138. Bb3 Rg4 139. Bd5 Kd7 140. Rb3 Rg5 141.
Rb7+ Kc8 142. Rb5 Rg3 143. Rb3 1/2-1/2

[Event "Northumbria Masters 2018"]
[Site "Newcastle ENG"]
[Date "2018.02.18"]
[Round "8.10"]
[White "Derakhshani, Borna"]
[Black "Kanakova, Natalie"]
[Result "0-1"]
[WhiteTitle "FM"]
[BlackTitle "WFM"]
[WhiteElo "2317"]
[BlackElo "2245"]
[WhiteFideId "12518450"]
[BlackFideId "350486"]
[EventDate "2018.02.14"]

1. d4 Nf6 2. Bf4 d5 3. e3 c5 4. c3 Qb6 5. Qb3 c4 6. Qc2 g6 7. Nd2 Bf5 8. Qc1 Bg7
9. h3 O-O 10. Ngf3 Nc6 11. Be2 Rfe8 12. O-O Rac8 13. Bh2 Ne4 14. Nxe4 Bxe4 15.
Nd2 Bf5 16. Bf3 Be6 17. e4 dxe4 18. Bxe4 Qb5 19. Qc2 Bd5 20. f4 Bxe4 21. Nxe4
Qd5 22. Rae1 b5 23. Ng5 e6 24. Bg3 Ne7 25. Nf3 a5 26. Ne5 Rb8 27. Qf2 b4 28. Ng4
Nf5 29. Re5 Qa8 30. Bh4 Nxh4 31. Qxh4 bxc3 32. bxc3 Rb2 33. Rf2 Reb8 34. Ree2
Rb1+ 35. Kh2 a4 36. Ne5 Qd5 37. Qe7 R1b7 38. Qa3 Ra8 39. Rb2 Bf8 40. Rxb7 Bxa3
41. Rxf7 Rf8 42. Rd7 Qb5 43. h4 Bb2 44. Rf3 Bc1 45. g3 Qb2+ 46. Kh3 Qe2 47. Rc7
Rf5 48. Rxc4 Kg7 49. Rc7+ Kf8 0-1

[Event "Northumbria Masters 2018"]
[Site "Newcastle ENG"]
[Date "2018.02.18"]
[Round "8.11"]
[White "White, Stuart A"]
[Black "Muir, Andrew J"]
[Result "0-1"]
[BlackTitle "IM"]
[WhiteElo "2107"]
[BlackElo "2286"]
[WhiteFideId "407747"]
[BlackFideId "2400138"]
[EventDate "2018.02.14"]

1. c4 e6 2. Nf3 d5 3. g3 Nf6 4. Bg2 Be7 5. O-O O-O 6. d4 dxc4 7. Qc2 a6 8. a4
Bd7 9. Qxc4 Bc6 10. Bf4 a5 11. Nc3 Na6 12. Rac1 Bxf3 13. Bxf3 c6 14. Rfd1 Nb4
15. e4 Rc8 16. Qb3 Qb6 17. Na2 Rfd8 18. Nxb4 Qxb4 19. Qxb4 Bxb4 20. Be3 h6 21.
Kf1 Ra8 22. Ke2 Rd7 23. h3 Rad8 24. Bg2 Kf8 25. f4 Ne8 26. g4 Nc7 27. f5 Be7 28.
Rd2 Bg5 29. Rcd1 Ke7 30. Rd3 Bxe3 31. Kxe3 Na6 32. Bf1 Nb4 33. R3d2 Rxd4 34.
Rxd4 Nc2+ 35. Kf4 Nxd4 36. Rd3 c5 37. h4 Rd6 38. Rc3 b6 39. g5 Nc6 40. f6+ gxf6
41. gxh6 Rd8 42. Kg4 Ne5+ 43. Kh5 Ng6 44. Rg3 Nf4+ 45. Kg4 e5 46. Rb3 Rb8 47.
Kf3 Rh8 48. Rxb6 Rxh6 49. Ra6 Rxh4 50. Rxa5 Ne6 51. Ra7+ Kd6 52. Ke3 Ng5 53. Bd3
c4 54. Bc2 Rh2 55. Ra6+ Kc7 56. Bd1 Rxb2 57. Rxf6 c3 58. Rf5 Ne6 59. Rxf7+ Kd6
60. Rf2 Rxf2 61. Kxf2 Nd4 62. Ke3 c2 63. Bxc2 Nxc2+ 64. Kd3 Nd4 65. Kc4 Kc6 66.
a5 Nb5 67. Kb4 Nd6 68. a6 Nxe4 69. a7 Kb7 70. Kc4 Nf6 0-1